少年台灣
| 資料類型: | 圖書 | 書目號: | 46386 |
Leader xxxxxxxxxx 001 __ PCLIS00046386 005 __ 20210901153215.0 010 0_ |a978-986-323-057-1|b平裝|dNT$360 100 __ |a20131121d2013 m y0chiy09 e 101 0_ |achi 102 __ |atw 105 __ |aa z 000cy 200 1_ |a少年台灣|f蔣勳著 205 __ |a三版 210 __ |a臺北市|c聯合文學出版|a新北市新店區|c聯合發行總經銷|d2013[民102] 215 0_ |a399面|c圖|d21公分 225 1_ |a聯合文叢|v571 225 1_ |a聯合文學|v636 517 1_ |a少年臺灣|zchi 681 __ |a855|b848 700 _1 |a蔣|b勳|4著 801 _0 |atw|b內湖高中|c20131121|gCCR |